| 000 | 01325nam a2200349 c 4500 | ||
|---|---|---|---|
| 999 |
_c177941 _d177941 |
||
| 003 | BLK | ||
| 005 | 20220704090220.0 | ||
| 008 | 180411b bul|||||r ||||||| ||bul|| | ||
| 010 | _aKNG00186638000 | ||
| 020 | _a9789546605726 | ||
| 040 | _aBLK | ||
| 041 |
_aBUL _cBUL |
||
| 072 | 7 |
_2bullib _aН83 _xЧужда художествена литература Н |
|
| 080 |
_aАмериканска литература (на САЩ) _b821.111(73) _x-31 _z821.111(73)-31 |
||
| 100 | 1 |
_aЕйдриън, Емили _eпърви автор _9341207 |
|
| 139 |
_aЕйдриън, Емили _bЕ 39 |
||
| 245 | 1 | 0 |
_aСякаш никога не се е случвало _cЕмили Ейдриън; прев. Мария Михайлова. |
| 257 | _aUSA | ||
| 260 |
_aСофия _bПАН _c2015 |
||
| 300 |
_a320 с. _c20 см |
||
| 380 | _aX | ||
| 490 |
_aМега исТИЙНско _9208410 |
||
| 500 | _aОриг. загл. Like It Never Happened / Emiy Adrian. | ||
| 653 | _aромани | ||
| 659 | _aН | ||
| 700 | 1 |
_aМихайлова, Мария Атанасова _eпрев. _9381507 |
|
| 852 | _aЦб 279627 | ||
| 856 | 4 | _qpdf | |
| 856 | 4 | _qpdf | |
| 942 |
_cKNG _n0 _08 _s1 |
||
| 944 |
_aCR _c19.02.2016 _lф / _kВиолета_Тройчева |
||
| 944 |
_aED _c28.11.2017 _lф / _kПенка_Димитрова |
||
| 999 | _d177941 | ||